Statistics for Highest Baseball Salaries Quiz

Click here to take the quiz!

General Stats

  • This quiz has been taken 11,242 times
    (60 since last reset)
  • The average score is 16 of 30

Answer Stats

SalaryTeamPlayer% Correct
399 milYankeesAlex Rodriguez
98%
306 milTigersMiguel Cabrera
92%
265 milYankeesDerek Jeter
88%
314 milAngelsAlbert Pujols
81%
227 milDodgersClayton Kershaw
73%
176 milDiamondbacksRandy Johnson
69%
260 milTigersJustin Verlander
67%
180 milPhilliesRyan Howard
62%
207 milRed SoxManny Ramirez
62%
188 milGiantsBarry Bonds
60%
187 milNationalsMax Scherzer
58%
169 milYankeesMariano Rivera
58%
214 milMarinersRobinson Cano
54%
282 milDiamondbacksZack Greinke
54%
218 milTwinsJoe Mauer
52%
218 milMarinersFelix Hernandez
48%
219 milRangersAdrian Beltre
46%
180 milMetsDavid Wright
44%
178 milRedsJoey Votto
44%
169 milBravesChipper Jones
42%
168 milDodgersAdrian Gonzalez
42%
213 milYankeesMark Teixeira
42%
260 milYankeesCC Sabathia
38%
207 milRed SoxDavid Price
37%
177 milRangersPrince Fielder
33%
221 milMetsCarlos Beltran
31%
189 milCubsJon Lester
29%
210 milPhilliesCole Hamels
27%
172 milDodgersMatt Kemp
13%
171 milAngelsTorii Hunter
6%

Score Distribution

Percentile by Number Answered

Percent of People with Each Score

Your Score History

You have not taken this quiz since the last reset